Estatísticas para Países mais próximos de Vietnã - um minuto corrida

Clique aqui para jogar o quiz

Estatísticas Gerais

  • Esse quiz foi jogado 18 vezes
  • A pontuação média é 16 de 20

Estatísticas das Respostas

kmpaís% Correto
0Camboja
100%
0China
100%
104Tailândia
100%
126Birmânia
94%
600Indonésia
94%
0Laos
94%
1492Nepal
94%
805Singapura
94%
1131Butão
88%
390Malásia
88%
956Brunei
82%
945Filipinas
82%
725Índia
82%
2221Coréia do Sul
71%
1088Taiwan
71%
985Bangladesh
65%
1558Japão
65%
2026Mongólia
65%
2405Coréia do Norte
59%
2439Sri Lanka
53%

Distribuição das Pontuações

Percentil de Números Respondidos

Porcentagem de Pessoas com Cada Pontuação

Sua Pontuação Histórica

Você não jogou esse quiz